Statistics for Ice Hockey World Championships Winners

Click here to take the quiz!

General Stats

  • This quiz has been taken 143 times
  • The average score is 79 of 81

Answer Stats

YearAnswer% Correct
1920Canada
100%
1950Canada
100%
1994Canada
100%
1997Canada
100%
1961Canada
100%
1959Canada
100%
1958Canada
100%
2003Canada
100%
2004Canada
100%
1955Canada
100%
2007Canada
100%
1952Canada
100%
1924Canada
100%
1951Canada
100%
1948Canada
100%
1935Canada
100%
1928Canada
100%
1930Canada
100%
1931Canada
100%
1932Canada
100%
1934Canada
100%
2016Canada
100%
2015Canada
100%
1937Canada
100%
1938Canada
100%
1939Canada
100%
2011Finland
100%
1995Finland
100%
2006Sweden
99%
1998Sweden
99%
2013Sweden
99%
1992Sweden
99%
1991Sweden
99%
1987Sweden
99%
2017Sweden
99%
1962Sweden
99%
1953Sweden
99%
1957Sweden
99%
2014Russia
98%
2012Russia
98%
2009Russia
98%
2008Russia
98%
1993Russia
98%
1933United States
98%
1960United States
98%
1969Soviet Union
97%
1964Soviet Union
97%
1954Soviet Union
97%
1970Soviet Union
97%
1956Soviet Union
97%
1966Soviet Union
97%
1965Soviet Union
97%
1963Soviet Union
97%
1990Soviet Union
97%
1979Soviet Union
97%
1971Soviet Union
97%
1973Soviet Union
97%
1968Soviet Union
97%
1975Soviet Union
97%
1989Soviet Union
97%
1978Soviet Union
97%
1981Soviet Union
97%
1982Soviet Union
97%
1967Soviet Union
97%
1986Soviet Union
97%
1983Soviet Union
97%
1974Soviet Union
97%
1996Czech Republic
95%
2005Czech Republic
95%
1999Czech Republic
95%
2010Czech Republic
95%
2001Czech Republic
95%
2000Czech Republic
95%
1977Czechoslovakia
91%
1976Czechoslovakia
91%
1985Czechoslovakia
91%
1949Czechoslovakia
91%
1947Czechoslovakia
91%
1972Czechoslovakia
91%
2002Slovakia
90%
1936United Kingdom
89%

Score Distribution

Percentile by Number Answered

Percent of People with Each Score

Your Score History

You have not taken this quiz